MARC details
| 000 -CABECERA |
| campo de control de longitud fija |
02009nam a2200289 a 4500 |
| 001 - NÚMERO DE CONTROL |
| campo de control |
BRCA_2370 |
| 005 - FECHA Y HORA DE LA ÚLTIMA TRANSACCIÓN |
| campo de control |
20190320203758.0 |
| 008 - DATOS DE LONGITUD FIJA--INFORMACIÓN GENERAL |
| campo de control de longitud fija |
071108s1608----sp-#---###---#000-0#spa-u |
| 041 ## - CÓDIGO DE LENGUA |
| Código de lengua del texto/banda sonora o título independiente |
spa |
| 044 ## - CÓDIGO DEL PAÍS DE LA ENTIDAD EDITORA/PRODUCTORA |
| Código MARC del país |
sp |
| 084 ## - OTRO NÚMERO DE CLASIFICACIÓN |
| Número de clasificación |
011 |
| Número de documento/Ítem |
.C84 |
| -- |
1608 |
| 100 1# - ENTRADA PRINCIPAL--NOMBRE DE PERSONA |
| Nombre de persona |
Cervantes Saavedra, Miguel de |
| Fechas asociadas al nombre |
1547-1616 |
| 9 (RLIN) |
213 |
| 245 10 - MENCIÓN DE TÍTULO |
| Título |
El Ingenioso Hidalgo Don Quixote de la Mancha |
| Resto del título |
dirigido al Duque de Béjar, Marques de Gibraleón, Conde de Benalcazar, y Bañares, Vizconde de la Puebla de Alcocer Señor de las villas de Capilla, Curiel y Burguillos |
| Mención de responsabilidad, etc. |
compuesto por Miguel de Cervantes Saavedra. |
| 260 ## - PUBLICACIÓN, DISTRIBUCIÓN, ETC. |
| Lugar de publicación, distribución, etc. |
Madrid |
| Nombre del editor, distribuidor, etc. |
Juan de la Cuesta |
| Fecha de publicación, distribución, etc. |
1608 |
| 300 ## - DESCRIPCIÓN FÍSICA |
| Extensión |
1 v. (en varias paginaciones) |
| Dimensiones |
21 cm. |
| 500 ## - NOTA GENERAL |
| Nota general |
Contenido : Tasa. Privilegio. Licencia. Dedicatoria del autor al Duque de Béjar. Prólogo del autor. Versos preliminares. Texto |
| 500 ## - NOTA GENERAL |
| Nota general |
Tercera edición de Cuesta, hecha sobre la primera y segunda del mismo impresor. En ella se enmendaron muchas erratas y corrigieron varios errores cometiéndose otros, como por ejemplo, el de sustituir los nudos de la falda de D. Quijote que constituían las cuentas del rosario en la edición príncipe, por unas agallas de alcornoque de la presente (I, 26). Por ello, partiendo de erróneas posiciones interpretativas, muchos cervantistas creyeron que fuera el mismo Cervantes quién corrigió esta edición, creencia hoy definitivamente desacreditada. Fue el notable cervantista y sacerdote español, Clemente Cortejón, que la destruyó con pruebas fehacientes. Encuadernado en pergamino Lúdovik Osterc |
| 500 ## - NOTA GENERAL |
| Nota general |
Estado físico : Recuperación física en 2008 |
| 500 ## - NOTA GENERAL |
| Nota general |
Con ex-libris de : John Mordaunt Bar |
| 650 14 - PUNTO DE ACCESO ADICIONAL DE MATERIA--TÉRMINO DE MATERIA |
| Término de materia o nombre geográfico como elemento de entrada |
Novela española |
| Subdivisión cronológica |
Época clásica, 1500-1700 |
| 9 (RLIN) |
215 |
| 650 14 - PUNTO DE ACCESO ADICIONAL DE MATERIA--TÉRMINO DE MATERIA |
| Término de materia o nombre geográfico como elemento de entrada |
Literatura española |
| Subdivisión cronológica |
Época clásica, 1500-1700 |
| 9 (RLIN) |
216 |
| 650 14 - PUNTO DE ACCESO ADICIONAL DE MATERIA--TÉRMINO DE MATERIA |
| Término de materia o nombre geográfico como elemento de entrada |
Novela española |
| Subdivisión cronológica |
Siglo XVII |
| 9 (RLIN) |
217 |
| 650 14 - PUNTO DE ACCESO ADICIONAL DE MATERIA--TÉRMINO DE MATERIA |
| Término de materia o nombre geográfico como elemento de entrada |
Don Quijote (Personaje ficticio) |
| Término indicativo de función/relación |
Novela |
| 9 (RLIN) |
218 |
| 740 0# - PUNTO DE ACCESO ADICIONAL--TÍTULO RELACIONADO O ANALÍTICO NO CONTROLADO |
| Título relacionado o analítico no controlado |
El Ingenioso Hidalgo Don Quijote de la Mancha |
| 902 ## - CATALOGADOR |
| Iniciales |
QFM |
| 942 ## - ELEMENTOS DE PUNTO DE ACCESO ADICIONAL (KOHA) |
| Fuente del sistema de clasificación o colocación |
Library of Congress Classification |
| Tipo de ítem Koha |
Libros |